Statistics for Villarreal 2020's Starting XI

Click here to take the quiz!

General Stats

  • This quiz has been taken 528 times
    (303 since last reset)
  • The average score is 13 of 23

Answer Stats

Player% Correct
Gerard Moreno
87%
Daniel Parejo
86%
Gerónimo Rulli
85%
Pau Torres
78%
Samuel Chukwueze
78%
Etienne Capoue
77%
Juan Foyth
77%
Raúl Albiol
76%
Nicolas Jackson
71%
Arnaut Groeneveld
68%
Pepe Reina
63%
Yeremi Pino
56%
Andre-Frank Zambo Anguissa
55%
Sergio Asenjo
53%
Alfonso Pedraza
51%
Manu Trigueros
44%
Paco Alcácer
37%
Alex Baena
34%
Santi Cazorla
33%
Moi Gómez
25%
Vicente Iborra
23%
Rubén Peña
16%
Xavi Quintillà
14%

Score Distribution

Percentile by Number Answered

Percent of People with Each Score

Your Score History

You have not taken this quiz since the last reset